[Event "TUR-chT 2nd League"]
[Site "Konya"]
[Date "2018.07.20"]
[Round "7.10"]
[White "Kaya, Elif"]
[Black "Yesil, Duygu"]
[Result "1/2-1/2"]
[WhiteElo "1264"]
[BlackElo "1356"]
[PlyCount "91"]
[EventDate "2018.07.16"]
[EventType "team-swiss"]
[EventRounds "9"]
[EventCountry "TUR"]
[SourceTitle "EXT 2019"]
[Source "ChessBase"]
[SourceDate "2018.10.10"]
[SourceVersion "1"]
[SourceVersionDate "2018.10.10"]
[SourceQuality "1"]
[WhiteTeam "Karaman Yunus Ortaokulu"]
[BlackTeam "Marmara Universitesi"]
[WhiteTeamCountry "TUR"]
[BlackTeamCountry "TUR"]

1. e4 e5 2. Nf3 Nf6 3. Nxe5 d6 4. Nf3 Nxe4 5. Nc3 d5 6. Qe2 Be7 7. Nxe4 dxe4 8. Qxe4 0-0 9. Bd3 g6 10. 0-0 Nc6 11. Qf4 Bf6 12. Re1 Be6 13. Bc4 Bxc4 14. Qxc4 Re8 15. Rxe8+ Qxe8 16. c3 Ne5 17. Nxe5 Qxe5 18. d4 Qe4 19. Be3 c5 20. Qxc5 b6 21. Qd6 Bg7 22. h3 Qc2 23. Qb4 Re8 24. Rc1 Qd3 25. Kh2 Bf8 26. Qa4 Bd6+ 27. Kh1 Rxe3 28. fxe3 Qxe3 29. Qd1 Qf2 30. Rc2 Qg3 31. Qg1 Bf4 32. Rf2 Be3 33. Rf3 Qxf3 34. gxf3 Bxg1 35. Kxg1 f5 36. Kf2 Kf7 37. Ke3 Ke6 38. Kf4 h6 39. c4 g5+ 40. Ke3 h5 41. b3 Kd6 42. a4 a5 43. Kd3 Kc6 44. Ke3 Kd6 45. Kd3 Kc6 46. Ke3 1/2-1/2

[Event "TUR-chT 2nd League"]
[Site "Konya"]
[Date "2018.07.18"]
[Round "4.3"]
[White "Yesil, Duygu"]
[Black "Kose, Ulya"]
[Result "1/2-1/2"]
[WhiteElo "1356"]
[BlackElo "1579"]
[PlyCount "119"]
[EventDate "2018.07.16"]
[EventType "team-swiss"]
[EventRounds "9"]
[EventCountry "TUR"]
[SourceTitle "EXT 2019"]
[Source "ChessBase"]
[SourceDate "2018.10.10"]
[SourceVersion "1"]
[SourceVersionDate "2018.10.10"]
[SourceQuality "1"]
[WhiteTeam "Marmara Universitesi"]
[BlackTeam "Koroglu Dernegi"]
[WhiteTeamCountry "TUR"]
[BlackTeamCountry "TUR"]

1. Nf3 d5 2. c4 d4 3. b4 f6 4. e3 dxe3 5. fxe3 e5 6. c5 Nh6 7. d4 a5 8. b5 Bg4 9. Bb2 Nf5 10. Qd2 exd4 11. exd4 Qe7+ 12. Qe2 Ne3 13. Kd2 Nxf1+ 14. Rxf1 Qxe2+ 15. Kxe2 Be6 16. Nbd2 Nd7 17. Rfe1 Kf7 18. Rad1 Bxa2 19. Ra1 Bd5 20. Bc3 a4 21. Kf2 Be7 22. Bb2 Ra7 23. Ne4 Rha8 24. Ba3 Nf8 25. Nc3 Bb3 26. Nd2 Ne6 27. Ke3 f5 28. Nxb3 axb3 29. Bb2 Bg5+ 30. Kd3 Nf4+ 31. Kc4 Rxa1 32. Rxa1 Rxa1 33. Bxa1 Nxg2 34. d5 Ne3+ 35. Kxb3 Be7 36. b6 cxb6 37. c6 bxc6 38. dxc6 Bd8 39. Nb5 Nd5 40. Be5 Ke6 41. c7 Bxc7 42. Bxc7 Nxc7 43. Nxc7+ Kd7 44. Nb5 Ke6 45. Kc3 Ke5 46. Kd3 g5 47. Ke3 g4 48. Nc3 f4+ 49. Kf2 Kd4 50. Nb5+ Kc5 51. Nc3 b5 52. Ne4+ Kd4 53. Nf6 g3+ 54. hxg3 fxg3+ 55. Kxg3 b4 56. Kf3 b3 57. Ne4 b2 58. Nd2 Kc3 59. Nb1+ Kb3 60. Kg4 1/2-1/2

[Event "TUR-chT 2nd League"]
[Site "Konya"]
[Date "2018.07.17"]
[Round "2.4"]
[White "Kara, Gulce Nehir"]
[Black "Yesil, Duygu"]
[Result "1-0"]
[WhiteElo "1623"]
[BlackElo "1356"]
[PlyCount "63"]
[EventDate "2018.07.16"]
[EventType "team-swiss"]
[EventRounds "9"]
[EventCountry "TUR"]
[SourceTitle "EXT 2019"]
[Source "ChessBase"]
[SourceDate "2018.10.10"]
[SourceVersion "1"]
[SourceVersionDate "2018.10.10"]
[SourceQuality "1"]
[WhiteTeam "Yalova Belediye"]
[BlackTeam "Marmara Universitesi"]
[WhiteTeamCountry "TUR"]
[BlackTeamCountry "TUR"]

1. e4 e5 2. Nf3 Nf6 3. Nxe5 d6 4. Nf3 Nxe4 5. d4 d5 6. Bd3 Nc6 7. 0-0 Be7 8. c3 Bg4 9. Re1 f5 10. Qb3 0-0 11. Qxb7 Rf6 12. Qb3 Bxf3 13. gxf3 Rg6+ 14. Kf1 Rb8 15. Qc2 Bg5 16. fxe4 fxe4 17. Bxe4 dxe4 18. Qxe4 Bxc1 19. Rxc1 Qg5 20. Rc2 Kf8 21. Qf3+ Rf6 22. Qd3 Qh4 23. Qg3 Qe4 24. Re2 Qd5 25. Qg2 Qb5 26. Na3 Qd3 27. Qe4 Qh3+ 28. Qg2 Qd3 29. Qe4 Qh3+ 30. Kg1 Rg6+ 31. Kh1 Qd7 32. Rae1 1-0

[Event "TUR-chT2"]
[Site "Konya"]
[Date "2017.07.12"]
[Round "5.1"]
[White "Yesil, Duygu"]
[Black "Guclu, Yagmur"]
[Result "1/2-1/2"]
[WhiteElo "1341"]
[BlackElo "1695"]
[PlyCount "78"]
[EventDate "2017.07.09"]
[EventType "team-swiss"]
[EventRounds "9"]
[EventCountry "TUR"]
[SourceTitle "CBM 179 Extra"]
[Source "ChessBase"]
[SourceDate "2017.08.23"]
[SourceVersion "1"]
[SourceVersionDate "2017.08.23"]
[SourceQuality "1"]
[WhiteTeam "Marmara Universitesi"]
[BlackTeam "Ankara DSI Genclik"]
[WhiteTeamCountry "TUR"]
[BlackTeamCountry "TUR"]

1. Nf3 d5 2. c4 c6 3. b3 Nf6 4. Bb2 Bg4 5. g3 e6 6. Bg2 Nbd7 7. 0-0 Bd6 8. d4 0-0 9. Nbd2 Qe7 10. Ne5 Bh5 11. Re1 Ba3 12. Qc1 Bxb2 13. Qxb2 Nxe5 14. dxe5 Nd7 15. e4 dxc4 16. Nxc4 Nc5 17. Qc3 Rfd8 18. Nd6 Na6 19. Bf1 Nb8 20. Be2 Bxe2 21. Rxe2 Na6 22. Rd1 Nc7 23. Red2 Nb5 24. Qc2 h6 25. f4 Rab8 26. a4 Nc7 27. Qc3 Ne8 28. Kg2 f6 29. Nxe8 Rxd2+ 30. Rxd2 Rxe8 31. exf6 gxf6 32. Qd4 c5 33. Qd7 Kf7 34. Kf3 Rg8 35. Qb5 Rd8 36. Rxd8 Qxd8 37. Qxb7+ Kg6 38. Qb5 Qd1+ 39. Kg2 Qc2+ 1/2-1/2